000 01719nam a2200409 a 4500
001 ebr10575673
003 CaPaEBR
006 m u
007 cr cn|||||||||
008 770113s1977 ne ad sb 101 0 eng d
010 _z 77023283
020 _z0444152555 (Elsevier North-Holland)
020 _z9021940531
020 _z9780470663394
020 _z9780470717974 (e-book)
040 _aCaPaEBR
_cCaPaEBR
035 _a(OCoLC)638620897
050 1 4 _aQP285
_b.S96 1976eb
082 0 4 _a599/.01/6
111 2 _aSymposium on the Fetus and Birth
_d(1976 :
_cLondon, England)
245 1 4 _aThe fetus and birth
_h[electronic resource].
260 _aAmsterdam ;
_aNew York :
_bElsevier/Excerpta Medica/North-Holland ;
_aNew York :
_bElsevier North-Holland,
_c1977.
300 _aviii, 481 p. :
_bill.
490 1 _aCiba Foundation symposium (new series) ;
_v47
500 _a"Symposium on the Fetus and Birth held at the Ciba Foundation, London, 18-20th May, 1976"--Participants page.
504 _aIncludes bibliographical references and indexes.
533 _aElectronic reproduction.
_bPalo Alto, Calif. :
_cebrary,
_d2011.
_nAvailable via World Wide Web.
_nAccess may be limited to ebrary affiliated libraries.
650 0 _aParturition
_vCongresses.
650 0 _aFetus
_xPhysiology
_vCongresses.
650 0 _aObstetrical endocrinology
_vCongresses.
650 0 _aLabor (Obstetrics)
_vCongresses.
655 7 _aElectronic books.
_2local
710 2 _aCiba Foundation.
710 2 _aebrary, Inc.
830 0 _aCiba Foundation symposium ;
_vnew ser. 47.
856 4 0 _uhttp://site.ebrary.com/lib/rucke/Doc?id=10575673
_zAn electronic book accessible through the World Wide Web; click to view
999 _c78279
_d78279